[Event "45th Olympiad 2024"]
[Site "Budapest HUN"]
[Date "2024.09.13"]
[Round "3.16"]
[Board "2"]
[White "Sargsyan, Shant"]
[Black "Fier, Alexandr"]
[Result "1-0"]
[WhiteTitle "GM"]
[BlackTitle "GM"]
[WhiteElo "2649"]
[BlackElo "2551"]
[WhiteTeam "Armenia"]
[BlackTeam "Brazil"]
[WhiteFideId "13306766"]
[BlackFideId "2107139"]
[EventDate "2024.09.11"]

1. e4 c5 2. Nf3 e6 3. d4 cxd4 4. Nxd4 Nc6 5. Nc3 Qc7 6. Ncb5 Qb8 7. Bd3 a6 8.
Nxc6 bxc6 9. Nd4 Ne7 10. O-O c5 11. Nf3 Ng6 12. b3 Be7 13. Bb2 Bf6 14. Bxf6 gxf6
15. Qd2 Rg8 16. Rfe1 Bb7 17. Rad1 Bc6 18. Qe3 Ne5 19. Nxe5 Qxe5 20. g3 a5 21. a4
Ke7 22. Bc4 Bb7 23. Bd5 Bxd5 24. Qxc5+ Qd6 25. Rxd5 Qxc5 26. Rxc5 Rgc8 27. Rxc8
Rxc8 28. Re2 Rc5 29. f4 Kd6 30. Kf2 Rc3 31. Ke1 Kc6 32. e5 f5 33. Rf2 d5 34.
exd6 Kxd6 35. Kd2 Rc8 36. Rf3 Rg8 37. Rd3+ Kc6 38. Kc3 f6 39. Kc4 Rc8 40. c3
Kb6+ 41. Kd4 Ra8 42. Re3 Rd8+ 43. Kc4 Rc8+ 44. Kd3 Rd8+ 45. Kc2 Re8 46. Rd3 Kc6
47. b4 axb4 48. cxb4 e5 49. Rc3+ Kb7 50. a5 exf4 51. gxf4 Re4 52. Kb3 Rxf4 53.
Rh3 Rf1 54. Ka4 Kc6 55. Rc3+ Kb7 56. Kb5 Re1 57. a6+ Kb8 58. Kb6 Re8 59. b5 f4
60. a7+ Ka8 61. Ka6 1-0

[Event "45th Olympiad 2024"]
[Site "Budapest HUN"]
[Date "2024.09.13"]
[Round "3.16"]
[Board "3"]
[White "Quintiliano, Renato R."]
[Black "Sargissian, Gabriel"]
[Result "1/2-1/2"]
[WhiteTitle "GM"]
[BlackTitle "GM"]
[WhiteElo "2499"]
[BlackElo "2646"]
[WhiteTeam "Brazil"]
[BlackTeam "Armenia"]
[WhiteFideId "2117568"]
[BlackFideId "13300881"]
[EventDate "2024.09.11"]

1. d4 d5 2. c4 e6 3. Nf3 Nf6 4. g3 Be7 5. Bg2 O-O 6. O-O dxc4 7. Qc2 a6 8. a4
Bd7 9. Qxc4 Bc6 10. Bg5 Nbd7 11. Nc3 h6 12. Bxf6 Nxf6 13. a5 Qd6 14. Rfd1 Rfd8
15. e3 Rab8 16. Qe2 Bf8 17. h4 Qe7 18. Bf1 Be8 19. e4 Rbc8 20. d5 e5 21. Bh3 Rb8
22. Nd2 c6 23. Nc4 Qc7 24. Qd3 cxd5 25. exd5 Bb5 26. Nxb5 axb5 27. Ne3 Qc5 28.
Bf1 b4 29. Qb3 Rbc8 30. a6 bxa6 31. Rxa6 Ne4 32. Bg2 Qb5 33. Bf1 Qc5 34. Bg2 Qb5
35. Bf1 1/2-1/2

[Event "45th Olympiad 2024"]
[Site "Budapest HUN"]
[Date "2024.09.13"]
[Round "3.17"]
[Board "2"]
[White "Blomqvist, Erik"]
[Black "Shevchenko, Kirill"]
[Result "1-0"]
[WhiteTitle "GM"]
[BlackTitle "GM"]
[WhiteElo "2491"]
[BlackElo "2673"]
[WhiteTeam "Sweden"]
[BlackTeam "Romania"]
[WhiteFideId "1709437"]
[BlackFideId "14129574"]
[EventDate "2024.09.11"]

1. e4 c5 2. Nc3 Nc6 3. Nf3 d6 4. d4 cxd4 5. Nxd4 Nf6 6. Bg5 e6 7. Qd2 a6 8.
O-O-O Bd7 9. Nxc6 Bxc6 10. f3 Be7 11. Kb1 Qc7 12. h4 h6 13. Be3 b5 14. Ne2 Nd7
15. Nd4 Bb7 16. c4 bxc4 17. Bxc4 O-O 18. Rc1 Qd8 19. Bxh6 gxh6 20. Qxh6 Bf6 21.
Nxe6 Qb6 22. e5 Bxe5 23. Rc2 Rab8 24. Qg5+ Kh8 25. Qh5+ Kg8 26. Nxf8 Rxf8 27.
Qg4+ Bg7 28. Qxd7 Bc8 29. Bxf7+ Kh8 30. Qc7 Qd4 31. Bg6 Be6 32. h5 Bg8 33. Qb7
Bf6 34. Rc7 Bd5 35. Rh7+ 1-0

[Event "45th Olympiad 2024"]
[Site "Budapest HUN"]
[Date "2024.09.13"]
[Round "3.17"]
[Board "4"]
[White "Pantzar, Milton"]
[Black "Nisipeanu, Liviu-Dieter"]
[Result "1/2-1/2"]
[WhiteTitle "IM"]
[BlackTitle "GM"]
[WhiteElo "2437"]
[BlackElo "2580"]
[WhiteTeam "Sweden"]
[BlackTeam "Romania"]
[WhiteFideId "1721003"]
[BlackFideId "1202758"]
[EventDate "2024.09.11"]

1. d4 Nf6 2. c4 e6 3. Nc3 Bb4 4. e3 b6 5. Ne2 Ne4 6. Qc2 Bb7 7. a3 Bxc3+ 8. Nxc3
Nxc3 9. Qxc3 d6 10. h4 Qf6 11. b3 c5 12. Bb2 cxd4 13. exd4 O-O 14. h5 h6 15. Rh3
Nd7 16. Be2 Bxg2 17. Rg3 Be4 18. Qe3 d5 19. O-O-O Kh8 20. Rdg1 Rg8 21. Bc3 a5
22. a4 Rac8 23. Kb2 Qd8 24. Qf4 Qf6 25. Qe3 Qd8 26. Qf4 Qf6 27. Qe3 Qe7 28. Qf4
Qf6 1/2-1/2

[Event "45th Olympiad 2024"]
[Site "Budapest HUN"]
[Date "2024.09.13"]
[Round "3.18"]
[Board "1"]
[White "Makhnev, Denis"]
[Black "Le, Quang Liem"]
[Result "0-1"]
[WhiteTitle "GM"]
[BlackTitle "GM"]
[WhiteElo "2551"]
[BlackElo "2741"]
[WhiteTeam "Kazakhstan"]
[BlackTeam "Vietnam"]
[WhiteFideId "13707647"]
[BlackFideId "12401137"]
[EventDate "2024.09.11"]

1. d4 Nf6 2. c4 e6 3. g3 d5 4. Nf3 Be7 5. Bg2 O-O 6. O-O dxc4 7. Qc2 a6 8. a4
Bd7 9. Qxc4 Bc6 10. Bg5 Nbd7 11. Nc3 h6 12. Bxf6 Nxf6 13. Rfe1 Bd5 14. Nxd5 exd5
15. Qb3 Rb8 16. a5 c6 17. Ne5 Bd6 18. Nd3 Re8 19. Qc2 Re7 20. b4 Qc7 21. Nc5
Rbe8 22. e3 g6 23. Re2 h5 24. Rae1 h4 25. Qd3 Kg7 26. Rc1 Qc8 27. Ree1 Rh8 28.
Qd1 Qf5 29. Qf3 Qg5 30. Rb1 Rh5 31. Rb2 hxg3 32. hxg3 Qh6 33. Qd1 Rh2 34. f4
Bxc5 35. bxc5 Ne4 36. Qf3 g5 37. Ree2 Rh5 38. Bf1 gxf4 39. gxf4 Re6 40. f5 Rf6
41. Rh2 Rfxf5 42. Rxh5 Rxh5 43. Rxb7 Rh1+ 0-1

[Event "45th Olympiad 2024"]
[Site "Budapest HUN"]
[Date "2024.09.13"]
[Round "3.70"]
[White "Nguyen, Ngoc Truong Son"]
[Black "Nogerbek, Kazybek"]
[Result "1/2-1/2"]
[WhiteTitle "GM"]
[BlackTitle "GM"]
[WhiteElo "2633"]
[BlackElo "2519"]
[WhiteTeam "Vietnam"]
[BlackTeam "Kazakhstan"]
[WhiteFideId "12401110"]
[BlackFideId "13710427"]
[EventDate "2024.09.11"]

1. d4 d5 2. c4 e6 3. Nc3 Nf6 4. cxd5 exd5 5. Bg5 Be7 6. e3 h6 7. Bh4 Bg4 8. Qc2
O-O 9. h3 Be6 10. Nf3 Nbd7 11. Bd3 Ne8 12. Bg3 Bd6 13. O-O Bxg3 14. fxg3 Nd6 15.
g4 c6 16. Rae1 Qe7 17. e4 dxe4 18. Nxe4 Nxe4 19. Bxe4 Rae8 20. Bh7+ Kh8 21. Bf5
Qd6 22. Bxe6 Rxe6 23. Qa4 Rxe1 24. Rxe1 a6 25. Qb3 b5 26. Qc2 c5 27. dxc5 Qxc5+
28. Qxc5 Nxc5 29. Re7 Nd3 30. Ne5 1/2-1/2

[Event "45th Olympiad 2024"]
[Site "Budapest HUN"]
[Date "2024.09.13"]
[Round "3.19"]
[Board "3"]
[White "Erdogmus, Yagiz Kaan"]
[Black "Druska, Juraj"]
[Result "1-0"]
[WhiteTitle "GM"]
[BlackTitle "IM"]
[WhiteElo "2592"]
[BlackElo "2441"]
[WhiteTeam "Turkiye"]
[BlackTeam "Slovakia"]
[WhiteFideId "44599790"]
[BlackFideId "14915650"]
[EventDate "2024.09.11"]

1. d4 Nf6 2. c4 e6 3. Nc3 Bb4 4. f3 O-O 5. e4 Ne8 6. Bd3 f5 7. Ne2 fxe4 8. Bxe4
Nd6 9. Bc2 Qh4+ 10. g3 Qh3 11. Nf4 Rxf4 12. Bxf4 Nxc4 13. Qe2 Nxb2 14. Bxh7+
Qxh7 15. Qxb2 Nc6 16. O-O d6 17. Ne4 Ba5 18. Be3 Bb6 19. Rad1 Ne7 20. h4 Bd7 21.
Ng5 Qg6 22. g4 Nd5 23. Bc1 Qf6 24. Qc2 g6 25. Rf2 Rf8 26. h5 Kg7 27. Ne4 Qf7 28.
Ng5 Qf6 29. Kg2 Be8 30. Re2 Bf7 31. Rh1 Bg8 32. hxg6 Nf4+ 33. Bxf4 Qxf4 34. Rh7+
Kf6 35. Ne4+ Kxg6 36. Ng3+ Rf5 37. gxf5+ 1-0

[Event "45th Olympiad 2024"]
[Site "Budapest HUN"]
[Date "2024.09.13"]
[Round "3.20"]
[Board "1"]
[White "Garcia Pantoja, Roberto"]
[Black "Carlsen, Magnus"]
[Result "0-1"]
[WhiteTitle "GM"]
[BlackTitle "GM"]
[WhiteElo "2550"]
[BlackElo "2832"]
[WhiteTeam "Colombia"]
[BlackTeam "Norway"]
[WhiteFideId "3509265"]
[BlackFideId "1503014"]
[EventDate "2024.09.11"]

1. e4 c5 2. Nf3 e6 3. d4 cxd4 4. Nxd4 a6 5. c4 Nf6 6. Nc3 Qc7 7. Be2 b6 8. O-O
Bb7 9. f3 Nc6 10. Nxc6 Bxc6 11. Qd3 h5 12. Be3 Bd6 13. f4 Ng4 14. e5 Be7 15. Bd4
d6 16. exd6 Bxd6 17. Bf3 Bxf3 18. Qxf3 O-O 19. Ne4 Qxc4 20. Rad1 Be7 21. b3 Qb5
22. a4 Qb4 23. h3 Nh6 24. Bc3 Qxb3 25. Rd7 Nf5 26. Rfd1 Rad8 27. g4 Nh4 28. Qe2
Qxa4 29. R1d4 Qa3 30. Kh2 Rxd7 31. Rxd7 Rd8 32. Ra7 hxg4 33. hxg4 Ng6 34. f5
Bd6+ 35. Kg1 Qc1+ 36. Qe1 Bc5+ 37. Kg2 Nh4+ 38. Qxh4 Qg1+ 39. Kf3 Rd3+ 40. Ke2
Qd1# 0-1

[Event "45th Olympiad 2024"]
[Site "Budapest HUN"]
[Date "2024.09.13"]
[Round "3.20"]
[Board "2"]
[White "Christiansen, Johan-Sebastian"]
[Black "Cardoso Cardoso, Jose Gabriel"]
[Result "1-0"]
[WhiteTitle "GM"]
[BlackTitle "GM"]
[WhiteElo "2661"]
[BlackElo "2508"]
[WhiteTeam "Norway"]
[BlackTeam "Colombia"]
[WhiteFideId "1512668"]
[BlackFideId "4430492"]
[EventDate "2024.09.11"]

1. e4 c5 2. Nf3 d6 3. d4 cxd4 4. Nxd4 Nf6 5. Nc3 a6 6. Bg5 Nbd7 7. Bc4 Qb6 8.
Qd2 Qxb2 9. Rb1 Qa3 10. O-O Qc5 11. Bd5 e6 12. Rfe1 h6 13. Bh4 g5 14. Bg3 Ne5
15. Bxb7 Bxb7 16. Rxb7 Be7 17. Rd1 Bd8 18. Nde2 Bc7 19. Rb3 O-O 20. h4 Nc4 21.
Qc1 Rfd8 22. hxg5 hxg5 23. e5 Nh7 24. Ne4 Qc6 25. Nf6+ Kg7 26. Nd4 1-0

[Event "45th Olympiad 2024"]
[Site "Budapest HUN"]
[Date "2024.09.13"]
[Round "3.20"]
[Board "3"]
[White "Avila Pavas, Santiago"]
[Black "Tari, Aryan"]
[Result "1/2-1/2"]
[WhiteTitle "GM"]
[BlackTitle "GM"]
[WhiteElo "2485"]
[BlackElo "2642"]
[WhiteTeam "Colombia"]
[BlackTeam "Norway"]
[WhiteFideId "4437128"]
[BlackFideId "1510045"]
[EventDate "2024.09.11"]

1. e4 c6 2. d4 d5 3. exd5 cxd5 4. c4 Nf6 5. Nc3 Nc6 6. Nf3 a6 7. h3 dxc4 8. Bxc4
e6 9. O-O b5 10. Bb3 Na5 11. Bc2 Bb7 12. Ne5 Be7 13. Bg5 O-O 14. Qd3 g6 15. Bh6
Re8 16. a3 Rc8 17. Rfe1 Nc4 18. Bb3 Nxe5 19. Rxe5 Nd7 20. Re3 Bg5 21. Bxg5 Qxg5
22. Ne4 Qf4 23. d5 exd5 24. Bxd5 Bxd5 25. Qxd5 Nf6 26. Nxf6+ Qxf6 27. Rxe8+ Rxe8
28. Qd2 h5 29. Rd1 Kg7 30. Qc2 h4 31. Qd2 Re6 32. Qc2 a5 33. Qd2 a4 34. Qc2 Re8
35. Qd2 Re4 36. Qc2 Qe5 37. Qc3 Qxc3 38. bxc3 Re2 39. Rb1 Re5 40. Kf1 Kf6 41.
Rd1 Ke6 42. Rd4 Rc5 43. Rd3 Rd5 44. Ke2 g5 45. Re3+ Kd6 46. g4 Re5 47. Rxe5 Kxe5
48. Ke3 Kd5 49. Kd3 Kc5 50. Kd2 Kd6 51. Ke2 Ke6 52. Kd2 Kd5 53. Kd3 Kc5 54. Kd2
Kc4 55. Kc2 Kc5 56. Kd2 Kd6 57. Ke2 Ke6 58. Kd2 f5 59. f3 fxg4 60. fxg4 Kd6 61.
Ke2 Kc5 62. Kd2 Kd6 1/2-1/2

[Event "45th Olympiad 2024"]
[Site "Budapest HUN"]
[Date "2024.09.13"]
[Round "3.21"]
[Board "1"]
[White "Navara, David"]
[Black "Rodrigue-Lemieux, Shawn"]
[Result "1-0"]
[WhiteTitle "GM"]
[BlackTitle "GM"]
[WhiteElo "2681"]
[BlackElo "2509"]
[WhiteTeam "Czech Republic"]
[BlackTeam "Canada"]
[WhiteFideId "309095"]
[BlackFideId "2620049"]
[EventDate "2024.09.11"]

1. e4 c6 2. d4 d5 3. e5 Bf5 4. Nf3 e6 5. Be2 c5 6. Be3 Qb6 7. Nc3 Nc6 8. Bb5 c4
9. O-O Ne7 10. b3 a6 11. Ba4 Qa5 12. Bd2 Qd8 13. bxc4 dxc4 14. Bg5 Qa5 15. Rb1
Qxc3 16. Rxb7 Be4 17. d5 Bxd5 18. Bxe7 Qa5 19. c3 Bxe7 20. Bxc6+ Kf8 21. Bxd5
Rd8 22. Bxc4 Rxd1 23. Rxd1 g5 24. Rdd7 Bd8 25. Nd4 Kg7 26. Rxf7+ Kh6 27. Bd3 1-0

[Event "45th Olympiad 2024"]
[Site "Budapest HUN"]
[Date "2024.09.13"]
[Round "3.22"]
[Board "2"]
[White "Nabaty, Tamir"]
[Black "Chinguun, Sumiya"]
[Result "1-0"]
[WhiteTitle "GM"]
[BlackTitle "FM"]
[WhiteElo "2630"]
[BlackElo "2389"]
[WhiteTeam "Israel"]
[BlackTeam "Mongolia"]
[WhiteFideId "2809052"]
[BlackFideId "4902572"]
[EventDate "2024.09.11"]

1. d4 Nf6 2. c4 e6 3. Nf3 d5 4. Nc3 c6 5. e3 Nbd7 6. Qc2 Bd6 7. Bd3 O-O 8. O-O
dxc4 9. Bxc4 b5 10. Bd3 Bb7 11. e4 e5 12. Bg5 Re8 13. dxe5 Nxe5 14. Nxe5 Bxe5
15. f4 Bd4+ 16. Kh1 h6 17. Bh4 Qb6 18. e5 Ng4 19. Qe2 Ne3 20. Rf3 Kh8 21. Rg3 c5
22. Qh5 Nxg2 23. Rxg2 Bxg2+ 24. Kxg2 Kg8 25. Nd5 Qe6 26. Be4 Rac8 27. Nf6+ Kf8
28. Nxe8 Rxe8 29. Qf5 g5 30. Bf2 Bxf2 31. Kxf2 gxf4 32. Qxf4 Qxe5 33. Qxh6+ Ke7
34. Re1 Qxb2+ 35. Bc2+ Kd7 36. Qd2+ Qd4+ 37. Qxd4+ cxd4 38. Rxe8 Kxe8 39. Kf3 1-0

[Event "45th Olympiad 2024"]
[Site "Budapest HUN"]
[Date "2024.09.13"]
[Round "3.23"]
[Board "1"]
[White "Theodorou, Nikolas"]
[Black "Murphy, Conor E"]
[Result "1/2-1/2"]
[WhiteTitle "GM"]
[BlackTitle "IM"]
[WhiteElo "2619"]
[BlackElo "2453"]
[WhiteTeam "Greece"]
[BlackTeam "Ireland"]
[WhiteFideId "4262875"]
[BlackFideId "421669"]
[EventDate "2024.09.11"]

1. c4 e6 2. Nc3 d5 3. d4 Nf6 4. cxd5 exd5 5. Bg5 c6 6. e3 Bf5 7. Nge2 Bd6 8. f3
Bg6 9. h4 h6 10. Bf4 Na6 11. Kf2 Nc7 12. Ng3 Ne6 13. Bxd6 Qxd6 14. h5 Bh7 15.
Bd3 Bxd3 16. Qxd3 O-O-O 17. Nce2 g6 18. a4 Kb8 19. Qa3 Ne8 20. b4 Qe7 21. b5
Qxa3 22. Rxa3 cxb5 23. axb5 Nd6 24. Nc3 Nc7 25. Rb3 Nc4 26. Nce2 Rd6 27. Rc1 Rb6
28. Nf4 Rc8 29. e4 Rxb5 30. Rxb5 Nxb5 31. hxg6 fxg6 32. Nxg6 dxe4 33. Nxe4 Nxd4
34. Ne7 Rc7 35. Nd5 Rc8 36. Ne7 Rc7 37. Nd5 Rc8 38. Ne7 1/2-1/2

[Event "45th Olympiad 2024"]
[Site "Budapest HUN"]
[Date "2024.09.13"]
[Round "3.23"]
[Board "3"]
[White "Papaioannou, Ioannis"]
[Black "O'Gorman, Tom"]
[Result "1-0"]
[WhiteTitle "GM"]
[BlackTitle "FM"]
[WhiteElo "2615"]
[BlackElo "2353"]
[WhiteTeam "Greece"]
[BlackTeam "Ireland"]
[WhiteFideId "4201345"]
[BlackFideId "2508249"]
[EventDate "2024.09.11"]

1. e4 e5 2. Nf3 Nc6 3. Bb5 a6 4. Ba4 Nf6 5. d3 d6 6. c3 g6 7. O-O Bg7 8. Re1 O-O
9. h3 b5 10. Bc2 Bb7 11. Be3 Re8 12. Nbd2 Nb8 13. b4 Nbd7 14. a4 c5 15. Qb1 Rb8
16. axb5 axb5 17. Ra5 Ba8 18. Qa2 cxb4 19. cxb4 Bf8 20. Nb3 d5 21. Nc5 Rc8 22.
Rxb5 d4 23. Bd2 Nxc5 24. bxc5 h6 25. Bb3 Qd7 26. c6 Qc7 27. Ba5 Qa7 28. Nxe5
Bxc6 29. Bxf7+ Kg7 30. Bxe8 Bxe8 31. Rb2 Ra8 32. Qe6 Ba4 33. Reb1 1-0

[Event "45th Olympiad 2024"]
[Site "Budapest HUN"]
[Date "2024.09.13"]
[Round "3.25"]
[Board "3"]
[White "Wong, Zhenyong Jayden"]
[Black "Ilkhomi, Jaloliddin"]
[Result "1-0"]
[WhiteTitle "FM"]
[BlackTitle "FM"]
[WhiteElo "2397"]
[BlackElo "2227"]
[WhiteTeam "Singapore"]
[BlackTeam "Tajikistan"]
[WhiteFideId "5821975"]
[BlackFideId "14700948"]
[EventDate "2024.09.11"]

1. d4 Nf6 2. c4 e6 3. Nc3 Bb4 4. e3 O-O 5. Bd3 Re8 6. Ne2 d5 7. O-O Nbd7 8. cxd5
exd5 9. Qb3 Bd6 10. Ng3 c6 11. Bd2 Nf8 12. Rae1 Ng4 13. Be2 Qh4 14. Bxg4 Qxg4
15. e4 dxe4 16. Ngxe4 Qd7 17. d5 Be5 18. f4 Bxc3 19. Nxc3 Rxe1 20. Rxe1 b6 21.
Rf1 Ba6 22. Rf2 Bb7 23. f5 cxd5 24. f6 Ne6 25. Ne2 Qd6 26. fxg7 Qe5 27. Qf3 Qxg7
28. Ng3 Nd4 29. Qd3 Qg4 30. h3 Qd1+ 31. Kh2 Ne6 32. Nf5 Qh5 33. g4 1-0

[Event "45th Olympiad 2024"]
[Site "Budapest HUN"]
[Date "2024.09.13"]
[Round "3.40"]
[Board "3"]
[White "Ribera Veganzones, Serni"]
[Black "Mizzi, Jack"]
[Result "1-0"]
[WhiteTitle "FM"]
[BlackTitle "CM"]
[WhiteElo "2309"]
[BlackElo "2053"]
[WhiteTeam "Andorra"]
[BlackTeam "Malta"]
[WhiteFideId "6900860"]
[BlackFideId "5602521"]
[EventDate "2024.09.11"]

1. e4 e5 2. Nf3 Nc6 3. Bb5 a6 4. Ba4 d6 5. O-O Ne7 6. c3 Ng6 7. d4 Bd7 8. Be3
Be7 9. Nbd2 O-O 10. a3 exd4 11. cxd4 d5 12. exd5 Nb8 13. Bb3 Bf5 14. Ne5 Bd6 15.
Qf3 Qf6 16. Ndc4 Nxe5 17. dxe5 Bxe5 18. Nxe5 Qxe5 19. Bf4 Qxb2 20. Bxc7 Bg6 21.
h4 Nd7 22. d6 Kh8 23. Bd5 Ne5 24. Qg3 f6 25. Rfd1 Bc2 26. Ra2 Qxa2 27. Bxa2 Bxd1
28. Bd5 Rae8 29. Bxb7 Ba4 30. Bxa6 Bd7 31. Bb7 f5 32. Qc3 f4 33. f3 Rf6 34. Bb6
Rxd6 35. Bd4 Rde6 36. Bd5 R6e7 37. Bc5 Rc8 38. Bb7 Rc7 39. Qa5 Rxb7 40. Bxe7 Nc6
41. Qc5 h6 42. Bd6 Rb1+ 43. Kh2 Rd1 44. Bxf4 Rd3 45. Be3 Rd1 46. a4 Kg8 47. a5 1-0

[Event "45th Olympiad 2024"]
[Site "Budapest HUN"]
[Date "2024.09.13"]
[Round "3.41"]
[Board "1"]
[White "Ortega Amarelle, Mariano"]
[Black "Romanov, Evgeny"]
[Result "0-1"]
[WhiteTitle "IM"]
[BlackTitle "GM"]
[WhiteElo "2453"]
[BlackElo "2567"]
[WhiteTeam "Cape Verde"]
[BlackTeam "North Macedonia"]
[WhiteFideId "3504301"]
[BlackFideId "4148843"]
[EventDate "2024.09.11"]

1. d4 Nf6 2. c4 e6 3. Nc3 Bb4 4. Qc2 d6 5. e3 O-O 6. Bd3 c5 7. Ne2 Nc6 8. O-O
Bxc3 9. Qxc3 b6 10. a3 a5 11. b3 Ba6 12. Bb2 cxd4 13. Nxd4 Ne5 14. Bc2 Rc8 15.
a4 Nd5 16. Qd2 Nb4 17. Rfc1 Qh4 18. f4 Ng4 19. Nf3 Qe7 20. e4 Bb7 21. Re1 e5 22.
Rac1 Qc7 23. h3 Qc5+ 24. Kh1 Nxc2 25. Rxc2 Nf6 26. fxe5 Nxe4 27. Qd4 dxe5 28.
Qxe5 Qxe5 29. Bxe5 Rfe8 30. Bd4 Re6 31. Kh2 Rd8 32. Rce2 h6 33. Bg1 f5 34. Nd4
Rf6 35. g4 g6 36. gxf5 gxf5 37. Rf1 f4 38. Rg2+ Ng3 39. Rxf4 Rxf4 40. Rxg3+ Kf7
41. Rg4 Rf1 42. Be3 h5 43. Rg5 h4 44. Rf5+ Rxf5 45. Nxf5 Bc8 46. Nd4 Kg6 47. Kg2
Re8 48. Bf2 Kh5 49. Kh2 Bb7 50. Kg1 Rg8+ 51. Kf1 Bg2+ 52. Ke1 Bxh3 53. Nf3 Re8+ 0-1

[Event "45th Olympiad 2024"]
[Site "Budapest HUN"]
[Date "2024.09.13"]
[Round "3.46"]
[Board "1"]
[White "Oatlhotse, Providence"]
[Black "Tran, Thanh Tu"]
[Result "0-1"]
[WhiteTitle "IM"]
[BlackTitle "CM"]
[WhiteElo "2239"]
[BlackElo "2387"]
[WhiteTeam "Botswana"]
[BlackTeam "Japan"]
[WhiteFideId "11300507"]
[BlackFideId "12401404"]
[EventDate "2024.09.11"]

1. d4 Nf6 2. c4 e6 3. Nf3 d5 4. g3 dxc4 5. Bg2 c5 6. O-O Nc6 7. Ne5 Bd7 8. Nxc4
cxd4 9. Bf4 Be7 10. Nd6+ Kf8 11. Nxb7 Qb6 12. Nd6 Qc5 13. Nd2 e5 14. N6e4 Nxe4
15. Nxe4 Qb6 16. Bg5 f6 17. Bc1 Rd8 18. Nd2 Be6 19. b3 g5 20. Nc4 Qa6 21. Bd2
Kg7 22. Rc1 Nb4 23. Bxb4 Bxb4 24. Qd3 Qb5 25. f4 exf4 26. gxf4 h6 27. Qg3 Qb8
28. Be4 Bd5 29. Bxd5 Rxd5 30. Qf3 Qd8 31. Rcd1 Rd7 32. Rd3 Re8 33. Qh5 Rh8 34.
Rdf3 d3 35. exd3 Rxd3 36. f5 Rxf3 37. Qxf3 Bc5+ 38. Kg2 Re8 39. Rd1 Qc7 40. Rd2
Re1 41. Rd1 Rxd1 42. Qxd1 Qf7 43. h3 h5 44. Qf3 Qe8 45. Kf1 Kh6 46. a3 Qd7 47.
Ke2 Qd4 48. Qa8 g4 49. h4 Kg7 50. Qb7+ Kg8 51. Qc8+ Kf7 52. Qe6+ Kg7 53. b4 Bf8
54. Nd2 g3 55. Qe3 Qxh4 56. Qxa7+ Kg8 57. Qb7 Qh2+ 58. Kd3 g2 59. Qd5+ Kh8 60.
Nf3 Qg3 61. Kc2 Bg7 62. Qf7 Qf2+ 63. Kb1 g1=Q+ 64. Nxg1 Qxg1+ 65. Kb2 Qf2+ 66.
Kb3 Qxf5 67. a4 Qd3+ 68. Ka2 Qe2+ 69. Kb3 h4 70. Qd7 Qf3+ 71. Kc4 h3 72. b5 h2
73. Qc6 h1=Q 0-1

[Event "45th Olympiad 2024"]
[Site "Budapest HUN"]
[Date "2024.09.13"]
[Round "3.47"]
[Board "1"]
[White "Zhakshylykov, Erzhan"]
[Black "Mafaaz Khalid"]
[Result "1-0"]
[WhiteTitle "IM"]
[WhiteElo "2327"]
[BlackElo "2069"]
[WhiteTeam "Kyrgyzstan"]
[BlackTeam "Pakistan"]
[WhiteFideId "13804111"]
[BlackFideId "7818424"]
[EventDate "2024.09.11"]

1. Nf3 Nf6 2. b3 d5 3. Bb2 c5 4. e3 g6 5. c4 dxc4 6. Bxc4 Bg7 7. Be2 O-O 8. Na3
b6 9. O-O Bb7 10. d4 Na6 11. Nb5 Qb8 12. Ne5 Rd8 13. Bc4 e6 14. Qe2 cxd4 15.
Bxd4 Nb4 16. Qb2 a6 17. Nc3 b5 18. Be2 Nc6 19. Nxc6 Bxc6 20. Rfd1 e5 21. Bc5 Qb7
22. f3 b4 23. Na4 Nd7 24. Rac1 e4 25. Bd4 exf3 26. gxf3 Bxd4 27. Rxd4 Re8 28.
Qd2 Ne5 29. e4 Bb5 30. Nc5 Qa7 31. f4 Nc6 32. Rd7 Qb6 33. Bxb5 Qxb5 34. Qd5 Rf8
35. Nd3 Qxd5 36. Rxd5 Ne7 37. Re5 Rfd8 38. Nxb4 Kf8 39. Rc7 Rd1+ 40. Kf2 Ng8 41.
Rd5 Ra1 42. Rdd7 Nh6 43. Rd2 a5 44. Nd5 a4 45. b4 Rb1 46. a3 Rb3 47. Rc3 f5 48.
e5 g5 49. e6 Ng4+ 50. Kf3 Rc8 51. Rxb3 axb3 52. Ke2 gxf4 53. Nxf4 Ne5 54. Nd5
Nc4 55. Rd3 b2 56. Rb3 f4 57. b5 Rc5 58. b6 f3+ 59. Rxf3+ Ke8 60. Rb3 Rxd5 61.
b7 Rd2+ 62. Ke1 Rd8 63. b8=Q Rxb8 64. Rxb8+ Ke7 65. Rb4 Kxe6 66. Ke2 Nxa3 67.
Rxb2 Nc4 68. Rb7 h6 69. Rh7 1-0

[Event "45th Olympiad 2024"]
[Site "Budapest HUN"]
[Date "2024.09.13"]
[Round "3.49"]
[Board "2"]
[White "Yee, Soon Wei"]
[Black "Annaberdiyev, Meylis"]
[Result "0-1"]
[WhiteTitle "FM"]
[BlackTitle "GM"]
[WhiteElo "2219"]
[BlackElo "2431"]
[WhiteTeam "Brunei Darussalam"]
[BlackTeam "Turkmenistan"]
[WhiteFideId "10500553"]
[BlackFideId "14000563"]
[EventDate "2024.09.11"]

1. e4 c5 2. c3 e6 3. Nf3 d5 4. exd5 exd5 5. d4 Nc6 6. Bb5 Bd6 7. O-O Ne7 8. dxc5
Bxc5 9. Nbd2 O-O 10. Nb3 Bb6 11. h3 Qd6 12. Nbd4 Nxd4 13. Nxd4 Bc7 14. Nf3 Bf5
15. Bd3 Bg6 16. Bg5 Bh5 17. Bxe7 Qxe7 18. g4 Bg6 19. Bxg6 hxg6 20. Qxd5 Rad8 21.
Qg5 Qe2 22. Qe3 Qxb2 23. Rfb1 Qa3 24. Rxb7 Bb6 25. Nd4 Rc8 26. c4 Qd6 27. Nb5
Qf6 28. Qe1 Bxf2+ 29. Qxf2 Qxa1+ 30. Kg2 Qe5 31. Rxa7 Rxc4 0-1

[Event "45th Olympiad 2024"]
[Site "Budapest HUN"]
[Date "2024.09.13"]
[Round "3.66"]
[Board "2"]
[White "Kulpruethanon, Thanadon"]
[Black "Yeung, Jason"]
[Result "1-0"]
[WhiteTitle "FM"]
[WhiteElo "2286"]
[BlackElo "1993"]
[WhiteTeam "Thailand"]
[BlackTeam "Suriname"]
[WhiteFideId "6201610"]
[BlackFideId "8203970"]
[EventDate "2024.09.11"]

1. d4 Nf6 2. c4 e6 3. Nf3 d5 4. g3 dxc4 5. Bg2 Nc6 6. Qa4 Bb4+ 7. Bd2 Nd5 8.
Bxb4 Nxb4 9. O-O Rb8 10. Nc3 a6 11. Ne5 O-O 12. Nxc6 bxc6 13. a3 Nd5 14. Qxc4
Rxb2 15. Rfb1 Rd2 16. e3 Nb6 17. Qf1 f5 18. Qc1 Rd3 19. Qc2 Rxc3 20. Qxc3 Bd7
21. Bxc6 Qe8 22. Bg2 Qb8 23. Rc1 c6 24. Rab1 Qc7 25. Qa5 1-0